000 00296nam a2200109Ia 4500
008 201210s9999 xx 000 0 und d
100 _aGregoire, Roger
245 0 _a(The) University teaching of social sciences
_bbusinmess management
260 _aParis
_bUNESCO
_c1960
300 _a220
942 _cBK
999 _c5207
_d5207